000
00302nam a2200121Ia 4500
008
190216s9999||||xx |||||||||||||| ||und||
100
_a
Thomas L Floyd
245
0
_a
Digital Fundamentals
260
_b
Pearson Education International
_c
2000
300
_a
in-6p
650
_a
Computer Science
942
_c
BK
999
_c
8754
_d
8754